000 00362 a2200085 4500
999 _c21154
_d21154
003 WA 310
005 20220401093515.0
008 220401s1998 pl ||||f u||| 00| 0 pol d
020 _a8323625468
040 _aWA 310
_cWA 310
041 _apol
_heng
245 0 0 _aSystemy telewizyjne - NICAM 728: Wymagania dla transmisji dwukanałowego dźwięku cyfrowego w naziemnych standardach telewizyjnych B, G, H, I i L =
_bTelevision systems - NICAM 728: Transmission of two-channel digital sound with terrestrial television systems B, G, H, I,K1 and L PN-ETS 300 163:1998P /
_cNKP nr 11.
246 1 3 _aPN-ETS 300 163
246 1 3 _aICS 33.160.40, 33.170
246 1 3 _aPolska Norma
246 3 1 _aTelevision systems - NICAM 728: Transmission of two-channel digital sound with terrestrial television systems B, G, H, I,K1 and L
260 _aWarszawa :
_bPKN,
_c1998.
300 _a25 stron ;
_c30 cm.
336 _2rdacontent
_aTekst
_btxt
337 _2rdamedia
_aBez urządzenia pośredniczącego
_bn
338 _2rdacarrier
_aWolumin
_bnc
500 _aNiniejsza norma jest tłumaczeniem oficjalnej wersji normy europejskiej ETS 300 163, wydanej w roku 1994.
500 _aWprowadza ETS 300 163:1994, IDT, EN 300 163 V1.2.1:1998, IDT ; Ustanowiona przez Polski Komitet Normalizacyjny dnia 10 grudnia 1998 r.
500 _aNorma Europejska ETS 300 163:1994 ma status Polskiej Normy.
710 _91107
_aPolska.
_bPolski Komitet Normalizacyjny.
_eInstytucja sprawcza
920 _a83-236-2546-8
942 _2ddc
_cBK